| 000 | 01901nam a2200301 i 4500 | ||
|---|---|---|---|
| 003 | DO-SdBNP | ||
| 005 | 20230817102743.0 | ||
| 006 | a||||gr|||| 00| 0 | ||
| 007 | ta | ||
| 008 | 230815e2004 dr ||||| |||| 00| d spa d | ||
| 040 |
_aDO-SdBNP _bspa _cBNPHU _erda |
||
| 082 | 4 |
_222 _bD636m |
|
| 245 | 0 | 0 |
_aXII marzo teatral 2004: _bsegundo concurso nacional de dramaturgia express 2004. / _cPresentación, Karina Noble; prólogo, Henry Mercedes Vales |
| 246 | 0 | 1 |
_aDécimo segundo marzo teatral 2004: _bsegundo concurso nacional de dramaturgia express 2004 |
| 246 | 1 | 4 |
_aXII marzo teatral 2004: _bII concurso nacional de dramaturgia express 2004 |
| 264 | 1 |
_aSanto Domingo : _bSecretaría de Estado de Cultura, _c2004 |
|
| 300 |
_a94 páginas ; _c19 cm. |
||
| 336 |
_2rdacontent _atexto _btxt |
||
| 337 |
_2rdamedia _asin mediación _bn |
||
| 338 |
_2rdacarrier _avolumen _bnc |
||
| 505 |
_aPresentación.-- Carta abierta a Karina Noble.-- Día del Teatro Dominicano.-- Mensaje del día Mundial del Teatro 2004.-- Programa Actividades.-- _gII Concurso Nacional de Dramaturgia Express: _tPrimer Premio. _tPan por favor. / _rHamlet Bodden.-- _tSegundo Premio. _tCon el miedo por compañía. / _rRobert Alexander Santana Ureña.-- _tTercer Premio. _tTres Oraciones y un Amén. / _rCanek Denis Fernández.-- |
||
| 505 |
_aPrimera Mención: _tAgua para las manos. / _rAna María Ventura G.-- _gSegunda Mención. / _tTierra Muerta. / _rEdith J. Parra Abreu.-- _gTercera Mención. _tDulce hechizo. / _rWilson Ureña.-- _gCuarta Mención. _thtebcam. / _tTarsis Castro.-- _gQuinta Mención. _tPrimer grado. / _rJohanna González.-- _gSexta Mención. _tReflejos de un pasado. / _rMargaret Sosa. |
||
| 590 | _aInventariado 2023 / MF | ||
| 700 | 1 |
_aNoble, Karina, _epresentación _983962 |
|
| 700 | 1 |
_aMercedes Vales, Henry, _eprólogo _927197 |
|
| 710 | 2 |
_aSecretaría de Estado de Cultura, República Dominicana _957668 |
|
| 942 |
_2ddc _cLBS1 |
||
| 999 |
_c54424 _d54424 |
||